Rafael

Պահպանված է:
Մատենագիտական մանրամասներ
Հիմնական հեղինակ: Ciardi Dupré, Maria Grazia (Հեղինակ)
Ձևաչափ: Գիրք
Լեզու:իսպաներեն
Հրապարակվել է: Buenos Aires Viscontea 1983
Հրատարակություն:2a. ed
Շարք:Los Grandes Pintores, 14-15
Խորագրեր:
Ցուցիչներ: Ավելացրեք ցուցիչ
Չկան պիտակներ, Եղեք առաջինը, ով նշում է այս գրառումը!

MARC

LEADER 00000cam a2200000 a 4500
001 UCE0988
003 CL-VaPUC
008 140324e19830000ag |||||||||||||||||spa|d
082 0 4 |a 759.5  |b CIA  |2 21 
100 |a Ciardi Dupré, Maria Grazia  |e author  |9 573373 
245 1 0 |a Rafael 
250 |a 2a. ed 
300 |a 2 v 
942 |c BK 
945 |d 20140324 12:18:00  |a cmena 
260 |a Buenos Aires  |b Viscontea  |c 1983 
600 0 7 |a SANZIO, RAFAEL  |2 CL-VaPUC  |9 557753 
650 0 |a Pintores italianos  |9 265277 
650 7 |a PINTORES RENACENTISTAS  |2 CL-VaPUC  |9 456682 
583 |a last modification  |c 20140324 12:18:00  |k Rodrigo Vera 
490 0 |a Los Grandes Pintores, 14-15 
999 |c 354951  |d 354949 
952 |0 0  |1 0  |3 erb  |4 0  |6 759_500000000000000_CIA_1983  |7 0  |8 A  |9 461185  |a BIBART  |b BIBART  |h v.1  |i 5043786  |o 759.5 CIA 1983  |p 5043786  |r 2025-03-13  |w 2019-11-23  |y BK  |z Catalogado en:20140324  |k ART 
952 |0 0  |1 0  |3 erb  |4 0  |6 759_500000000000000_CIA_1983  |7 0  |8 A  |9 461186  |a BIBART  |b BIBART  |h v.2  |i 5043794  |o 759.5 CIA 1983  |p 5043794  |r 2025-03-13  |w 2019-11-23  |y BK  |z Catalogado en:20140324  |k ART